000
00297nam a2200121Ia 4500
008
191201s2014 xx 000 0 und d
100
_a
SINGH, Jagroop
245
0
_a
Principles of Banking BBA 5th Sem.
260
_a
N. delhi
_b
Kalyani
_c
2014
300
_a
Misc
650
_a
BBA
942
_2
ddc
_c
BK
_0
26
999
_c
6216
_d
6216